00398nam a2200121Ia 4500008004100000082001900041100001800060245004000078260006200118300001000180630001800190650006800208211109s9999||||xx |||||||||||||| ||und|| a891.436bNIR-A aNirmala, Jain 0aAadhunik Sahithya Kalyaur Mulyankai bRajkamal Prakashan Pvt Ltd DelhiaOxford City Pressc1900 a143p. xGeneral stack aHindi literaturevHindi fictionxLiterature & rhetoricGeneralia